Statistics for Countries with Polio Cases in the Last Year

Click here to take the quiz!

General Stats

  • This quiz has been taken 17 times
    (4 since last reset)
  • The average score is 22 of 30

Answer Stats

Number of cases:Answer% Correct
10Benin
100%
3Cameroon
100%
13Central African Republic
100%
289Democratic Republic of the Congo
100%
2Eritrea
100%
4Niger
100%
30Nigeria
100%
1Republic of the Congo
100%
1Sudan
100%
1Togo
100%
1Zambia
100%
2Algeria
67%
1Burkina Faso
67%
1Burundi
67%
35Chad
67%
1Ethiopia
67%
1Ghana
67%
2Ivory Coast
67%
21Madagascar
67%
4Malawi
67%
5Mali
67%
21Mozambique
67%
2Senegal
67%
4Somalia
67%
2Ukraine
67%
29Yemen
67%
6Afghanistan
33%
4Indonesia
33%
1Israel
33%
7Pakistan
33%

Score Distribution

Percentile by Number Answered

Percent of People with Each Score

Your Score History

You have not taken this quiz since the last reset